UN Specialized Agencies Full Forms - Statistics

General Stats
  • This quiz has been taken 52 times
  • The average score is 3 of 17
Answer Stats
Hint Answer % Correct
IMF International Monetary Fund
70%
WHO World Health Organization
70%
FAO Food and Agriculture Organization
35%
ILO International Labor Organization
30%
UNESCO United Nations Educational, Scientific and Cultural Organization
30%
ICAO International Civil Aviation Organization
15%
IFAD International Fund for Agricultural Development
10%
IMO International Maritime Organization
10%
ITU International Telecommunication Union
10%
UNIDO United Nations Industrial Development Organization
10%
UNWTO United Nations World Tourism Organization
10%
UPU Universal Postal Union
10%
WIPO World Intellectual Property Organization
10%
IBRD International Bank for Reconstruction and Development
5%
IDA International Development Association
5%
IFC International Finance Corporation
5%
WMO World Meteorological Organization
5%
No matching quizzes found
Score Distribution
Percent of People with Each Score
Percentile by Number Answered
Your Score History
You have not taken this quiz